Old Kingdom Flags - Statistics

General Stats
  • This quiz has been taken 28 times
    17 since last reset
  • The average score is 3 of 6
Answer Stats
Picture Answer % Correct
Prussia
100%
Scotland
46%
England
38%
Laos
38%
Russia
38%
Jabal Shammar
15%
No matching quizzes found
Score Distribution
Percent of People with Each Score
Percentile by Number Answered
Your Score History
You have not taken this quiz since the last reset